000 00396pab a2200157 454500
008 180718b1996 xxu||||| |||| 00| 0 eng d
245 _aREGIONAL rural banks: a lost cause?
260 _c1996
300 _ap.3-56
362 _aJul
650 _aRural development - India
650 _aBanks and banking - India
650 _aFinancial institutions
773 _aKurukshetra
909 _a32155
999 _c32155
_d32155